Paul's letters from prison : (Record no. 1394)
[ view plain ]
| 000 -LEADER | |
|---|---|
| fixed length control field | 00893nam a22002531 4500 |
| 001 - CONTROL NUMBER | |
| control field | 7633786 |
| 003 - CONTROL NUMBER IDENTIFIER | |
| control field | OSt |
| 005 - DATE AND TIME OF LATEST TRANSACTION | |
| control field | 20180912124303.0 |
| 008 - FIXED-LENGTH DATA ELEMENTS--GENERAL INFORMATION | |
| fixed length control field | 00026401972 paua 000 0 eng d |
| 040 ## - CATALOGING SOURCE | |
| Original cataloging agency | PLT |
| Transcribing agency | PLT |
| Modifying agency | ASC |
| 082 ## - DEWEY DECIMAL CLASSIFICATION NUMBER | |
| Classification number | 227 |
| Item number | G3131P |
| 090 ## - LOCALLY ASSIGNED LC-TYPE CALL NUMBER (OCLC); LOCAL CALL NUMBER (RLIN) | |
| Classification number (OCLC) (R) ; Classification number, CALL (RLIN) (NR) | BS2650.3 |
| Local cutter number (OCLC) ; Book number/undivided call number, CALL (RLIN) | .G54 |
| 090 ## - LOCALLY ASSIGNED LC-TYPE CALL NUMBER (OCLC); LOCAL CALL NUMBER (RLIN) | |
| Classification number (OCLC) (R) ; Classification number, CALL (RLIN) (NR) | BS2650.3 .G54 |
| 100 1# - MAIN ENTRY--PERSONAL NAME | |
| Personal name | Gieschen, Roger J. |
| 245 10 - TITLE STATEMENT | |
| Title | Paul's letters from prison : |
| Remainder of title | Philippians, Colossians, and Philemon / |
| Statement of responsibility, etc. | by Roger J. Gieschen ; edited by David W. Gieschen ; art by John Gretzer. |
| 260 ## - PUBLICATION, DISTRIBUTION, ETC. | |
| Place of publication, distribution, etc. | Philadelphia : |
| Name of publisher, distributor, etc. | Lutheran Church Press, |
| Date of publication, distribution, etc. | c1972. |
| 300 ## - PHYSICAL DESCRIPTION | |
| Extent | 128 p. : |
| Other physical details | ill. ; |
| Dimensions | 21 cm. + |
| Accompanying material | 1 Teacher's guide ( 96 p. ; 21 cm.) |
| 490 0# - SERIES STATEMENT | |
| Series statement | LCA adult education series |
| 504 ## - BIBLIOGRAPHY, ETC. NOTE | |
| Bibliography, etc. note | Includes bibliographical references. |
| 630 00 - SUBJECT ADDED ENTRY--UNIFORM TITLE | |
| Uniform title | Bible. |
| Name of part/section of a work | Epistles of Paul |
| General subdivision | Study and teaching. |
| 650 #0 - SUBJECT ADDED ENTRY--TOPICAL TERM | |
| Topical term or geographic name entry element | Christian education of adults. |
| 700 1# - ADDED ENTRY--PERSONAL NAME | |
| Personal name | Gieschen, David W. |
| 942 ## - ADDED ENTRY ELEMENTS (KOHA) | |
| Source of classification or shelving scheme | Dewey Decimal Classification |
| Koha item type | Books |
| Withdrawn status | Lost status | Source of classification or shelving scheme | Damaged status | Not for loan | Collection code | Home library | Current library | Shelving location | Date acquired | Total Checkouts | Full call number | Barcode | Date last seen | Price effective from | Koha item type |
|---|---|---|---|---|---|---|---|---|---|---|---|---|---|---|---|
| Dewey Decimal Classification | Non-fiction | Harvest Mission College | Harvest Mission College | General Stacks | 12.09.2018 | 227 G3131P | 001076 | 12.09.2018 | 12.09.2018 | Books |
